00543nam a22001937a 450000500170000001000130001702000230003003500130005303700160006604000120008208200150009410000210010924500730013026000380020327000420024130000200028365000280030370000180033120170124105918.0 aA-604682 a8185689024c120.00 aA-604682 bCen Lib/Ret aDPLbEN a423.8bDOG aDogra, Ramesh C. aA dictionary of hindu names /cby Ramesh C. Dogra [and] Urmila Dogra aNew DelhibAditya Prakashanc1992 bDelhiaF-14/65, Model Town IIe110009 a125p.c21cm(Hb) aHindu NamesvDictionary aDogra, Urmila